LEADER 01655nam0 2200373 i 450 001 VIA0086395 005 20251003044441.0 010 $a8871879813 020 $aIT$b2002-10261 100 $a20130827d2001 ||||0itac50 ba 101 | $aita$ceng 102 $ait 181 1$6z01$ai $bxxxe 182 1$6z01$an 200 1 $aStrategia e competizione$ecome creare, sostenere e difendere il vantaggio competitivo di imprese e nazioni$fMichael E. Porter 210 $aMilano$cIl sole-24 ore$d2001 215 $aXXVI, 513 p.$d22 cm. 225 | $aMondo economico$v47 410 0$1001RAV0186989$12001 $aMondo economico$v47 500 10$aOn competition.$3VIA0086396$9CFIV003106$916491 606 $aLibera concorrenza$2FIR$3CFIC003733$9I 676 $a338.6$9Organizzazione della produzione$v14 676 $a338.6048$9ORGANIZZAZIONE DELLA PRODUZIONE. CONCORRENZA E LIMITAZIONE$v21 676 $a658$9GESTIONE IN GENERALE$v12 676 $a658$9GESTIONE IN GENERALE$v21 700 1$aPorter$b, Michael E.$3CFIV003106$4070$05334 801 3$aIT$bIT-000000$c20130827 850 $aIT-BN0095 901 $bNAP 01$cPOZZO LIB.$nVi sono collocati fondi di economia, periodici di ingegneria e scienze, periodici di economia e statistica e altri fondi comprendenti documenti di economia pervenuti in dono. 912 $aVIA0086395 950 0$aBiblioteca Centralizzata di Ateneo$c1 v.$d 01POZZO LIB.ECON MON 2427$e 0101 0000040235E VMA 1 v. precedente collocazione sez. DASES B 0879$fB $h20090330$i20090330 977 $a 01 996 $aOn competition$916491 997 $aUNISANNIO